Parliamentary democray in India : (Record no. 124653)

MARC details
000 -LEADER
fixed length control field 00760nam a22002297a 4500
005 - DATE AND TIME OF LATEST TRANSACTION
control field 20170124105942.0
010 ## - LIBRARY OF CONGRESS CONTROL NUMBER
LC control number B-078829
020 ## - INTERNATIONAL STANDARD BOOK NUMBER
Terms of availability 00.00
International Standard Book Number 8177080504
035 ## - SYSTEM CONTROL NUMBER
System control number B-078829
037 ## - SOURCE OF ACQUISITION
Source of stock number/acquisition Cen Lib/Ret
040 ## - CATALOGING SOURCE
Original cataloging agency DPL
Language of cataloging EN
082 ## - DEWEY DECIMAL CLASSIFICATION NUMBER
Classification number 321.80954
Item number TIW
100 ## - MAIN ENTRY--PERSONAL NAME
Personal name Tiwari, B.K.
9 (RLIN) 11501
245 ## - TITLE STATEMENT
Title Parliamentary democray in India :
Statement of responsibility, etc by B.K.Tiwari
Remainder of title does it require a change? /
260 ## - PUBLICATION, DISTRIBUTION, ETC. (IMPRINT)
Place of publication, distribution, etc New Delhi
Name of publisher, distributor, etc New century publications
Date of publication, distribution, etc 2003
270 ## - ADDRESS
City New Delhi
Address 34, Gujranwala town part-2
Postal code 110009
300 ## - PHYSICAL DESCRIPTION
Extent 309p.
Dimensions 22cm(Hb)
500 ## - GENERAL NOTE
General note Includes index
650 ## - SUBJECT ADDED ENTRY--TOPICAL TERM
Topical term or geographic name as entry element Representative government and representation -- India
9 (RLIN) 73515
650 ## - SUBJECT ADDED ENTRY--TOPICAL TERM
Topical term or geographic name as entry element Political corruption -- India
9 (RLIN) 16040
942 ## - ADDED ENTRY ELEMENTS (KOHA)
Source of classification or shelving scheme Dewey Decimal Classification
Koha item type English Books
Classification part 321.80954
Call number suffix TIW
Holdings
Withdrawn status Lost status Damaged status Not for loan Home library Current library Date acquired Source of acquisition Cost, normal purchase price Total Checkouts Full call number Barcode Date last seen Date checked out Copy number Cost, replacement price Price effective from Koha item type
        Central Library Central Library 17/06/2015 Cen Lib/Ret 0.00 1 321.0954 TIW B-078829 29/03/2019 16/03/2019 1 0.00 17/06/2015 English Books

© Delhi Public Library
Hit Counter
free hit counter